| 000 | 00805nam a22002177a 4500 | ||
|---|---|---|---|
| 003 | AUA.1 | ||
| 005 | 20260312190736.0 | ||
| 008 | 260312b |||||||| |||| 00| 0 eng d | ||
| 020 | _a9780925675606 | ||
| 040 | _cJTL | ||
| 050 |
_aBT111.3 _b.R48 2025 |
||
| 245 |
_aExploring the Trinity : _bquestions and answers / _c[edited by] Clinton Wahlen and John Peckham. |
||
| 260 |
_aSilver Spring, Maryland : _bBiblical Research Institute, _cc2025. |
||
| 300 |
_axxvii, 506 pages : _c24 cm. |
||
| 490 |
_aBiblical Research Institute studies on the Trinity _vvolume 2 |
||
| 650 |
_aTrinity _xHistory of Doctrines |
||
| 650 |
_aTrinity _vBiblical teaching _xDoctrinal theology |
||
| 700 |
_aWahlen, Clinton _eeditor |
||
| 700 |
_aPeckham, John _eeditor |
||
| 942 |
_2lcc _cBOOK _hBT 111.3 _i.R48 2025 |
||
| 999 |
_c25320 _d25320 |
||